Development of entrepreneurship and financial sources of small and medium size enterprises
Podmienky podnikateľských firiem Slovenska po vstupe krajiny do Európskej únie. Faktory ovplyvňujúce podnikateľské prostredie v poslednom období: nový daňový systém, zefektívnenie administratívy pri podnikaní, zmena v poistnom systéme. Problémy, ktorým musia čeliť malé a stredné podniky pri svojom r...
Enregistré dans:
| Auteur principal: | |
|---|---|
| Format: | Chapitre de livre |
| Langue: | anglais |
| Sujets: | |
| Tags: |
Pas de tags, Soyez le premier à ajouter un tag!
|
MARC
| LEADER | 00000naa$a2200000$$$4500 | ||
|---|---|---|---|
| 001 | 0053770 | ||
| 005 | 20240502083137.0 | ||
| 041 | 0 | |a eng | |
| 044 | |a CZ | ||
| 245 | 1 | 0 | |a Development of entrepreneurship and financial sources of small and medium size enterprises |c Elena Šúbertová |
| 520 | |a Podmienky podnikateľských firiem Slovenska po vstupe krajiny do Európskej únie. Faktory ovplyvňujúce podnikateľské prostredie v poslednom období: nový daňový systém, zefektívnenie administratívy pri podnikaní, zmena v poistnom systéme. Problémy, ktorým musia čeliť malé a stredné podniky pri svojom rozvoji. Analýza malých a stredných podnikov Slovenska. | ||
| 610 | 2 | 0 | |a podnik malý |
| 610 | 2 | 0 | |a podnik stredný |
| 610 | 2 | 0 | |a zdroje finančné |
| 610 | 2 | 0 | |a dane |
| 610 | 2 | 0 | |a administratíva |
| 610 | 2 | 0 | |a poistenie |
| 610 | 2 | 0 | |a Slovensko |
| 610 | 2 | 0 | |a Európska únia |
| 100 | 1 | |a Šúbertová, Elena | |